Presidents who Served in the Civil War - Statistics

General Stats
  • This quiz has been taken 31 times
  • The average score is 6 of 7
Answer Stats
Picture Answer % Correct
Ulysses S. Grant
100%
Andrew Johnson
96%
Benjamin Harrison
93%
Chester A. Arthur
89%
William McKinley
89%
James A. Garfield
86%
Rutherford B. Hayes
86%
No matching quizzes found
Score Distribution
Percent of People with Each Score
Percentile by Number Answered
Your Score History
You have not taken this quiz